50 Biggest Cities in the US Midwest - Statistics

General Stats
  • This quiz has been taken 111 times
  • The average score is 37 of 50
Answer Stats
Hint Answer % Correct
IL Chicago
99%
OH Columbus
99%
IN Indianapolis
99%
MO Kansas City
98%
KS Kansas City
98%
MN Minneapolis
98%
MI Detroit
97%
OH Cincinnati
95%
OH Cleveland
95%
IA Des Moines
95%
WI Milwaukee
95%
MO St. Louis
95%
MN St. Paul
95%
WI Madison
94%
NE Omaha
94%
NE Lincoln
92%
OH Toledo
89%
KS Wichita
89%
KS Topeka
88%
MO Springfield
86%
IL Springfield
86%
IN Fort Wayne
84%
SD Sioux Falls
84%
OH Akron
83%
OH Dayton
83%
MI Grand Rapids
83%
ND Fargo
82%
MI Lansing
82%
MI Ann Arbor
74%
IA Cedar Rapids
70%
WI Green Bay
69%
IL Rockford
68%
IL Aurora
64%
IL Joliet
64%
IL Naperville
63%
IN South Bend
63%
KS Overland Park
62%
IL Peoria
62%
MN Rochester
62%
IA Davenport
57%
IN Evansville
57%
MO Columbia
54%
MO Independence
47%
MI Dearborn
46%
MI Warren
45%
KS Olathe
44%
MI Sterling Heights
43%
IL Elgin
39%
MO Lee's Summit
28%
MI Clinton
8%
No matching quizzes found
Score Distribution
Percent of People with Each Score
Percentile by Number Answered
Your Score History
You have not taken this quiz